Estudios en memoria de Jorge Millas. (Record no. 61016)

MARC details
000 -LEADER
campo de control de longitud fija 00733nam a2200217 i 4500
001 - NÚMERO DE CONTROL
campo de control 61016
003 - IDENTIFICADOR DE NÚMERO DE CONTROL
campo de control ES-MaACL
005 - FECHA Y HORA DE LA ÚLTIMA TRANSACCIÓN
campo de control 20250902114315.0
007 - CAMPO FIJO DE DESCRIPCIÓN FÍSICA--INFORMACIÓN GENERAL
campo de control de longitud fija t|
008 - DATOS DE LONGITUD FIJA--INFORMACIÓN GENERAL
campo de control de longitud fija 031110s1984 cl ||||1| spa d
245 00 - MENCIÓN DEL TÍTULO
Título Estudios en memoria de Jorge Millas.
260 ## - PUBLICACIÓN, DISTRIBUCIÓN, ETC.
Lugar de publicación, distribución, etc. Valparaíso :
Nombre del editor, distribuidor, etc. Sociedad Chilena de Filosofía Jurídica y Social,
Fecha de publicación, distribución, etc. 1984.
300 ## - DESCRIPCIÓN FÍSICA
Extensión 339 p. ;
Dimensiones 22 cm.
490 1# - MENCIÓN DE SERIE
Mención de serie Anuario de filosofía jurídica y social ;
Designación de volumen o secuencia 2, 1984
600 14 - PUNTO DE ACCESO ADICIONAL DE MATERIA--NOMBRE DE PERSONA
Nombre de persona Millas, Jorge.
9 (RLIN) 171231
650 #4 - PUNTO DE ACCESO ADICIONAL DE MATERIA--TÉRMINO DE MATERIA
Término de materia o nombre geográfico como elemento de entrada Derecho-
Subdivisión general Filosofía
9 (RLIN) 11620
710 2# - ENTRADA AGREGADA--NOMBRE DE ENTIDAD CORPORATIVA
Nombre de entidad corporativa o nombre de jurisdicción como elemento de entrada Sociedad Chilena de Filosofía Jurídica y Social
9 (RLIN) 6651
830 1# - PUNTO DE ACCESO ADICIONAL DE SERIE-TÍTULO UNIFORME
Título uniforme Anuario de filosofía jurídica y social ;
Designación de volumen o secuencia 2, 1984
9 (RLIN) 230579
852 ## - LOCALIZACIÓN
Ubicación ES-MaACL
Número de control de estantería L-8744
Holdings
Estatus retirado Estado de pérdida Estado de daño No para préstamo Biblioteca de origen Biblioteca actual Ubicación en estantería Fecha de adquisición Fuente de adquisición Total de préstamos Signatura topográfica completa Código de barras Visto por última vez Precio de reemplazo Tipo de ítem Koha
        Biblioteca del Ateneo de Madrid Biblioteca del Ateneo de Madrid Depósito 2 17/01/2008     L-8744 1063984 23/02/2023 23/02/2023 Libro impreso